Tennis: most losses in slam finals (women) - Statistics

General Stats
  • This quiz has been taken 101 times
  • The average score is 8 of 10
Answer Stats
Number of losses Player % Correct
10 Serena Williams
98%
9 Venus Williams
98%
9 Steffi Graf
92%
14 Martina Navratilova
91%
16 Chris Evert
88%
5 Maria Sharapova
83%
7 Martina Hingis
79%
5 Justine Henin
74%
8 Arantxa Sanchez Vicario
61%
11 Evonne Goolagong
61%
No matching quizzes found
Score Distribution
Percent of People with Each Score
Percentile by Number Answered
Your Score History
You have not taken this quiz